000 00673nam a2200253Ia 4500
003 OSt
005 20220924124056.0
006 a|||||r|||| 00| 0
007 ta
008 220923b |||||||| |||| 00| 0 urd d
020 _a8180420884 (hbk)
020 _c150.00
024 _a315878
037 _cTextual
040 _aARTS
_cARTS
_burd
041 _2urd
_aurd
082 _aO168,1NSHx, P5
100 _aShabab Lalit
_9194702
245 0 _aZindagi ek samjhauta
260 _aNew Delhi
_b Modern Publishing House India
_c2005
650 _aURDU POETRY
942 _hO168,1NSHx, P5
_cTEXL
_2CC
999 _c418265
_d418265